Vista normal
Vista MARC
Entrada Meeting Name
Número de registros utilizados en: 1
001 - CONTROL NUMBER
- control field: 2689
003 - CONTROL NUMBER IDENTIFIER
- control field: OSt
005 - DATE AND TIME OF LATEST TRANSACTION
- control field: 20131009164443.0
008 - FIXED-LENGTH DATA ELEMENTS
- fixed length control field: 131009|||a|||||| | ||| d
040 ## - CATALOGING SOURCE
- Original cataloging agency: OSt
- Transcribing agency: OSt
111 ## - HEADING--MEETING NAME
- Meeting name or jurisdiction name as entry element: Ministrio de Salud de la Nacion
670 ## - SOURCE DATA FOUND
- Source citation: Work cat.: (OSt): Ministrio de Salud de la Nacion, Hacia un Cuidado Integral de la Salud para la Equidad: de Alma Ata a la Declaracion del Milenio. Conferencia Internacional de Salud para el Desarrollo: Derechos, hechos y realidades, 2007